Регионална библиотека "Любен Каравелов" - Русе

Grammatik der deutschen Sprache (Запис номер 165694)

MARC детайли
000 -Лидер
Контролно поле с фиксирана дължина 00994nam a2200313 c 4500
003 - Код на организацията, давaща контролен номер
Контролно поле BLK
005 - Дата и час на последна редакция
Контролно поле 20180420234948.0
008 - Елементи от данни с фиксирана дължина
fixed length control field 180410b bul|||||r ||||||| ||bul||
010 ## - Наследен системен номер
LC control number KNG00173322000
040 ## - Източник на каталожния запис
Идентификатор на билиотеката - собственик на записа BLK
041 ## - Код за език
Код за езика на текст/звукозапис или на отделно заглавие Немски
Код за езика КДБФ Немски
080 ## - УДК
Текстов определител УДК Немски език (високонемски, стандартен писмен)
УДК код - определител по УДК 811.112.2
УДК определител -5
УДК - код + определител 811.112.2-5
100 1# - Редна дума - Автор
Автор Jung, Walter
Авторска отговорност първи автор
R(LIN) 336847
139 ## - Редно поле
Редна дума Jung, Walter
Авторски знак Jun - J 93
245 10 - Сведения за заглавието
Заглавие Grammatik der deutschen Sprache
Редно поле (дума) Walter Jung.
250 ## - Област на изданието
Сведения за изданието 2. durchges. Aufl.
257 ## - Страна на издаване
Страна на създаване/издаване Германия
260 ## - Област на издателските данни
-- Leipzig
Име на издателя, разпространителя и проч. VEB Bibliogr. Inst.
Година на издаване 1966
300 ## - Физическа характеристика
Страници 518 c.
Размери/Мащаб 22 см
380 ## - Жанр
Жанр Езикознание. Филология
650 #4 - Допълнително описание по предмет – тема
Основно описание – тема или топоним Немски език - граматика
9 (RLIN) 244518
653 ## - Ключова дума – ненормативна
Ключова дума немски език
653 ## - Ключова дума – ненормативна
Ключова дума граматика
852 ## - Местоположение
Форматна сигнатура Цб 44550
856 4# - Електронен адрес и достъп
Електронен формат pdf - файл
Път до файла /url/
856 4# - Електронен адрес и достъп
Електронен формат pdf - файл
Път до файла /url/
942 ## - АРТИКУЛИ
Вид на библиотечния материал Книги
Скрит в OPAC Не
944 ## - СЪЗДАВАНЕ И РЕДАКЦИЯ на ЗАПИСА
Създаване/Редакция Създаване
Дата на регистрацията/редакция 01.01.1999
Служител, извършил регистрацията/редакцията Теодора_Стоянова
944 ## - СЪЗДАВАНЕ И РЕДАКЦИЯ на ЗАПИСА
Създаване/Редакция Редакция
Дата на регистрацията/редакция 19.03.2015
Служител, извършил регистрацията/редакцията Теодора_Стоянова
999 ## - СИСТЕМНИ КОНТРОЛНИ НОМЕРА
Koha biblionumber 165694
Koha biblioitemnumber 165694
Наличности
Код за отписване Код за изгубен артикул Код за повреда Коз за рестрикции Код за отдаване Артикулен № Име на библиотеката - собственик Име на библиотеката, в която се намира в момента Статус (Текущо местоположение) Дата на вписване в системата Местоположение - отдел Цена в лева Инвентарен номер Систематично азбучна сигнатура Баркод Номер на екземпляра Цена в евро Служебна бележка Служебен тип на артикула
  Не е изгубен Не е повреден без рестрикции заемане за дома 279410 Регионална библиотека "Любен Каравелов" Русе Регионална библиотека "Любен Каравелов" Русе ЧЧЗО - англ. ез. - Британски съвет 1966-01-01 ЧЧЗО - англ. ез. - Британски съвет 0.00 629632 Ч3 803.0-5/J 93 629632 1 0.00 Дост: Pk Вид: Сф N: стар фонд Дата: 01.01.1966 Дата инв: 19.03.2015 Бележки инв: Ч32015 Книги
Vip Innovations Ltd, Rousse, Bulgaria 2025